Name every song from Kendrick Lamar's 'Mr. Morale & The Big Steppers' - Statistics

General Stats
  • This quiz has been taken 394 times
  • The average score is 15 of 18
Answer Stats
Answer % Correct
N95
95%
Count Me Out
89%
United In Grief
89%
Savior
84%
Savior - Interlude
84%
Father Time
83%
Mr. Morale
83%
Mirror
81%
Rich - Interlude
81%
We Cry Together
81%
Purple Hearts
80%
Worldwide Steppers
80%
Mother I Sober
79%
Rich Spirit
78%
Die Hard
77%
Silent Hill
77%
Auntie Diaries
75%
Crown
72%
No matching quizzes found
Score Distribution
Percent of People with Each Score
Percentile by Number Answered
Your Score History
You have not taken this quiz